| 000 | 00767cam a2200265 4500 | ||
|---|---|---|---|
| 008 | 090401t1998 xxu||||| |||| 00| 0 eng d | ||
| 020 | _a1860812015 | ||
| 035 | _a(Sirsi) u85166 | ||
| 041 | _aeng | ||
| 050 | _a693.7 | ||
| 110 | _aBuilding Research Establishment | ||
| 245 | _aMetal cladding : assessing thermal performance. | ||
| 260 |
_aLondon _bConstruction Research Communications Ltd _c1998 |
||
| 300 | _a8p. : ill. ; 30cm. | ||
| 350 | _a0 | ||
| 490 |
_aBRE Information Paper _vIP 5/98 |
||
| 520 | _aSUPERSEDED BY: Information Paper 10/02 (1860815804) | ||
| 650 | _aCLADDINGS | ||
| 650 | _aTHERMAL PERFORMANCE | ||
| 650 | _aU-VALUES | ||
| 690 | _aBUILDING AND CONSTRUCTION-ENERGY | ||
| 700 | _aWard, T.I. | ||
| 942 | _n0 | ||
| 948 | _c25/03/1998 | ||
| 999 |
_c97014 _d97014 |
||